Представление документа в формате RUSMARC

ПолеНазваниеЗначение
  Тип записи a
  Библиографический уровень m
001 Контрольный номер c8967d4fdb414bdbb77659fd6af0f9f6
005 Дата корректировки 20260601092836.3
010 Индекс ISBN __
a ISBN 978-5-9765-2232-9
9 Тираж 150 экз.
100 Данные общей обработки __
a Данные общей обработки 20260529d2026 mk y0rusy028902 ca
101 Язык документа 0_
a Язык текста rus
102 Страна публикации __
a Страна публикации RU
105 Кодированные данные (монография) __
a Кодированные данные (монография) y j 000yy
181 Поле кодированных данных: вид содержания _0
a Код вида содержания (ISBD) i
182 Поле кодированных данных: тип средства _0
a Код типа средства (ISBD) n
200 Заглавие и сведения об ответственности 1_
a Заглавие Лингвистика речевого воздействия и манипулирования
e Сведения, относящиеся к заглавию учебное пособие
f Первые сведения об ответственности Л. В. Балахонская, Е. В. Сергеева
203 Вид содержания и тип средства __
a Вид содержания Текст
c Тип средства непосредственный
205 Сведения об издании __
a Основные сведения об издании 8-е издание, стереотипное
210 Выходные данные 1_
a Место издания Москва
c Издательство Флинта
d Дата издания 2026
215 Физическое описание __
a Объем 349, [1] с.
d Формат 21 см
320 Библиография __
a Библиография Библиография: с. 341-[347]
330 Аннотация __
a Аннотация Учебное пособие посвящено специфике и видам речевого воздействия, и прежде всего воздействия манипулятивного. Его концепция базируется на представлении о том, что манипулятивное речевое воздействие - это специфическая разновидность речевого воздействия, основанная на использовании особенностей языка для скрытого воздействия на адресата в интересах говорящего. Учебное пособие содержит теоретический материал и задания для аудиторной и самостоятельной работы. Для студентов-гуманитариев различных специальностей, прежде всего для филологов, психологов, журналистов, специалистов по рекламе и связям с общественностью, - всех, кому интересны вопросы речевого воздействия и манипулирования.
606 Тематические рубрики __
2 Код системы nlr_sh
a Основная рубрика Языкознание
606 Тематические рубрики __
2 Код системы nlr_sh
a Основная рубрика Теория и философия языка
606 Тематические рубрики __
2 Код системы nlr_sh
a Основная рубрика Психология
606 Тематические рубрики __
2 Код системы nlr_sh
a Основная рубрика Социальная психология
610 Ключевые слова 0_
a Ключевые слова речевое воздействие
610 Ключевые слова 0_
a Ключевые слова манипулирование
610 Ключевые слова 0_
a Ключевые слова манипулятивное воздействие
610 Ключевые слова 0_
a Ключевые слова убеждение
610 Ключевые слова 0_
a Ключевые слова вербальное общение
610 Ключевые слова 0_
a Ключевые слова невербальное общение
610 Ключевые слова 0_
a Ключевые слова влияние
610 Ключевые слова 0_
a Ключевые слова логические уловки
610 Ключевые слова 0_
a Ключевые слова психологические уловки
610 Ключевые слова 0_
a Ключевые слова манипулятивные тактики
610 Ключевые слова 0_
a Ключевые слова защита от манипулирования
610 Ключевые слова 0_
a Ключевые слова управление мнением
610 Ключевые слова 0_
a Ключевые слова психолингвистика
610 Ключевые слова 0_
a Ключевые слова манипулирование в рекламе
610 Ключевые слова 0_
a Ключевые слова нейролингвистическое программирование
610 Ключевые слова 0_
a Ключевые слова НЛП
686 Индексы других классификаций __
2 Код системы rubbks
a Классификационный индекс 81.006я73
686 Индексы других классификаций __
2 Код системы rubbks
a Классификационный индекс 88.503я73
700 Автор _1
a Фамилия Балахонская
b Имя Л. В.
g Полное личное имя Людмила Владимировна
4 Код отношения 070
701 Альтернативная интеллектуальная ответственность _1
a Фамилия Сергеева
b Имя Е. В.
f Даты 1959-
g Полное личное имя Елена Владимировна
4 Код отношения 070
801 Источник записи _0
a Страна RU
b Организация Муниципальное бюджетное учреждение культуры "Централизованная библиотечная система" г. Сургут (Центральная городская библиотека им. А. С. Пушкина)
g Правила каталогизации PSBO
c Дата составления 20260529
801 Источник записи _1
a Страна RU
b Организация Муниципальное бюджетное учреждение культуры "Централизованная библиотечная система" г. Сургут (Центральная городская библиотека им. А. С. Пушкина)
g Правила каталогизации PSBO
c Дата составления 20260529
852 Данные о местонахождении __
i Авторский знак Б 20
j Шифр хранения 81.006я73
901 Тип документа __
t Тип документа m
a Ответственный КиК/Обаева
901 Тип документа __
a Ответственный без партии
903 Характеристики (МАРС) __
c Наименование библиотеки (МАРС) Муниципальное бюджетное учреждение культуры "Централизованная библиотечная система" г. Сургут (Центральная городская библиотека им. А. С. Пушкина)
a Дата передачи 20260529
969 Тип издания __
a Тип издания Ф 26
a Тип издания учебное пособие